[Event "RUS-ch Rapid Men 2018"]
[Site "Sochi"]
[Date "2018.10.05"]
[Round "2"]
[White "Sychev, Klementy"]
[Black "Linker, Mikhail"]
[Result "1-0"]
[WhiteElo "2534"]
[BlackElo "2269"]
[Annotator "ChessBase"]
[PlyCount "81"]
[EventDate "2018.10.05"]
[EventType "swiss"]
[EventCountry "RUS"]
[SourceTitle "playchess.com"]
[Source "ChessBase"]
[SourceQuality "1"]
[TimeControl "900+10"]

1. e4 {[%emt 0:00:00]} c5 {[%emt 0:00:29]} 2. Nf3 {[%emt 0:00:00]} d6 {[%emt 0:00:01]} 3. d4 {[%emt 0:00:00]} cxd4 {[%emt 0:00:02]} 4. Nxd4 {[%emt 0:00:18]} Nf6 {[%emt 0:00:03]} 5. Nc3 {[%emt 0:00:02]} g6 {[%emt 0:00:01]} 6. Be3 {[%emt 0:00:16]} Bg7 {[%emt 0:00:02]} 7. f3 {[%emt 0:00:03]} Nc6 {[%emt 0:00:03]} 8. Qd2 {[%emt 0:00:02]} O-O {[%emt 0:00:04]} 9. O-O-O {[%emt 0:00:27]} d5 {[%emt 0:00:26]} 10. Nxc6 {[%emt 0:00:03]} bxc6 {[%emt 0:00:02]} 11. Bh6 {[%emt 0:00:02]} Qa5 {[%emt 0:02:30]} 12. e5 {[%emt 0:01:11]} Nd7 {[%emt 0:00:22]} 13. Bxg7 {[%emt 0:00:22]} Kxg7 {[%emt 0:00:01]} 14. h4 {[%emt 0:00:00]} h5 {[%emt 0:01:22]} 15. g4 {[%emt 0:01:43]} Rh8 {[%emt 0:00:39]} 16. e6 {[%emt 0:05:08]} fxe6 {[%emt 0:01:01]} 17. Qg5 {[%emt 0:01:26]} Qb4 {[%emt 0:03:59]} 18. Rg1 {[%emt 0:00:49]} e5 {[%emt 0:01:59]} 19. gxh5 {[%emt 0:01:20]} Qf4+ {[%emt 0:00:01]} 20. Qxf4 {[%emt 0:00:12]} exf4 {[%emt 0:00:01]} 21. Rxg6+ {[%emt 0:00:17]} Kf7 {[%emt 0:00:01]} 22. Rg5 {[%emt 0:00:41]} Nf6 {[%emt 0:00:35]} 23. Bd3 {[%emt 0:00:01]} Kf8 {[%emt 0:01:01]} 24. Bg6 {[%emt 0:01:05]} Ba6 {[%emt 0:01:34]} 25. Re1 {[%emt 0:00:06]} Rd8 {[%emt 0:00:43]} 26. Na4 {[%emt 0:00:23]} Rd6 {[%emt 0:01:44]} 27. Nc5 {[%emt 0:00:24]} Bc8 {[%emt 0:00:01]} 28. Nd3 {[%emt 0:00:01]} e6 {[%emt 0:00:35]} 29. Nxf4 {[%emt 0:00:04]} Ke7 {[%emt 0:00:02]} 30. Bd3 {[%emt 0:00:08]} Kd8 {[%emt 0:00:18]} 31. Reg1 {[%emt 0:00:10]} Kc7 {[%emt 0:00:11]} 32. Rg7+ {[%emt 0:00:30]} Kb6 {[%emt 0:00:01]} 33. R1g5 {[%emt 0:00:16]} c5 {[%emt 0:00:07]} 34. Rf7 {[%emt 0:01:33]} c4 {[%emt 0:00:22]} 35. Rxf6 {[%emt 0:00:08]} cxd3 {[%emt 0:00:02]} 36. Nxd3 {[%emt 0:00:07]} Bd7 {[%emt 0:00:11]} 37. Nf4 {[%emt 0:00:21]} Kc5 {[%emt 0:00:05]} 38. h6 {[%emt 0:00:18]} e5 {[%emt 0:00:04]} 39. Nd3+ {[%emt 0:00:02]} Kc6 {[%emt 0:00:07]} 40. Nxe5+ {[%emt 0:00:01]} Kc7 {[%emt 0:00:00]} 41. Rxd6 {[%emt 0:00:03]} 1-0

[Event "RUS-ch Rapid Men 2018"]
[Site "Sochi"]
[Date "2018.10.05"]
[Round "2"]
[White "Shcherbakov, Ruslan"]
[Black "Kretov, Evgenij"]
[Result "1-0"]
[WhiteElo "2516"]
[BlackElo "2219"]
[Annotator "ChessBase"]
[PlyCount "69"]
[EventDate "2018.10.05"]
[EventType "swiss"]
[EventCountry "RUS"]
[SourceTitle "playchess.com"]
[Source "ChessBase"]
[SourceQuality "1"]
[TimeControl "900+10"]

1. e4 {[%emt 0:00:00]} c5 {[%emt 0:00:00]} 2. Nf3 {[%emt 0:00:01]} Nc6 {[%emt 0:00:00]} 3. Bb5 {[%emt 0:00:03]} a6 {[%emt 0:00:00]} 4. Bxc6 {[%emt 0:00:04]} dxc6 {[%emt 0:00:00]} 5. d3 {[%emt 0:00:16]} Qc7 {[%emt 0:00:00]} 6. a4 {[%emt 0:00:45]} a5 {[%emt 0:00:00]} 7. e5 {[%emt 0:01:18]} Bg4 {[%emt 0:01:23]} 8. Bf4 {[%emt 0:00:25]} f5 {[%emt 0:01:01]} 9. Nbd2 {[%emt 0:00:14]} Nh6 {[%emt 0:01:54]} 10. h3 {[%emt 0:01:52]} Bh5 {[%emt 0:00:31]} 11. Qe2 {[%emt 0:01:48]} Nf7 {[%emt 0:00:56]} 12. Qe3 {[%emt 0:01:18]} e6 {[%emt 0:01:18]} 13. Rg1 {[%emt 0:03:31]} Be7 {[%emt 0:02:50]} 14. g4 {[%emt 0:00:06]} fxg4 {[%emt 0:00:03]} 15. hxg4 {[%emt 0:00:04]} Bg6 {[%emt 0:00:01]} 16. Bg3 {[%emt 0:02:39]} h5 {[%emt 0:03:00]} 17. Bh4 {[%emt 0:00:35]} hxg4 {[%emt 0:00:33]} 18. Bxe7 {[%emt 0:00:32]} Qxe7 {[%emt 0:00:20]} 19. Rxg4 {[%emt 0:00:03]} Rh1+ {[%emt 0:00:18]} 20. Ng1 {[%emt 0:00:10]} Rh6 {[%emt 0:00:54]} 21. O-O-O {[%emt 0:00:15]} O-O-O {[%emt 0:00:09]} 22. Rc4 {[%emt 0:00:23]} Rd5 {[%emt 0:00:17]} 23. f4 {[%emt 0:00:05]} Bh5 {[%emt 0:00:18]} 24. Re1 {[%emt 0:00:04]} g5 {[%emt 0:00:05]} 25. Ne4 {[%emt 0:00:06]} gxf4 {[%emt 0:00:18]} 26. Qxf4 {[%emt 0:00:02]} Rxe5 {[%emt 0:00:11]} 27. Qd2 {[%emt 0:00:51]} Ng5 {[%emt 0:01:06]} 28. Kb1 {[%emt 0:00:31]} Nxe4 {[%emt 0:00:05]} 29. dxe4 {[%emt 0:00:22]} Rg6 {[%emt 0:00:53]} 30. Qxa5 {[%emt 0:00:01]} Kb8 {[%emt 0:00:21]} 31. Qc3 {[%emt 0:00:08]} Rgg5 {[%emt 0:00:05]} 32. Nh3 {[%emt 0:00:02]} Bg4 {[%emt 0:00:12]} 33. Nxg5 {[%emt 0:00:03]} Qxg5 {[%emt 0:00:02]} 34. Qg3 {[%emt 0:00:05]} Qh5 {[%emt 0:00:17]} 35. Rxc5 {[%emt 0:00:03]} 1-0

[Event "RUS-ch Rapid Men 2018"]
[Site "Sochi"]
[Date "2018.10.05"]
[Round "2"]
[White "Gabrielian, Artur"]
[Black "Rozhko, Dmitry"]
[Result "1/2-1/2"]
[WhiteElo "2499"]
[BlackElo "2305"]
[Annotator "TA"]
[PlyCount "89"]
[EventDate "2018.10.05"]
[EventType "swiss"]
[EventCountry "RUS"]
[SourceTitle "playchess.com"]
[Source "ChessBase"]
[SourceQuality "1"]

{[%evp 23,89,52,70,63,62,0,0,0,0,-8,0,0,0,0,0,-45,-36,-94,-16,-11,0,0,0,0,0,0,0,-9,-9,-12,0,0,0,0,18,27,29,18,18,33,40,8,69,24,46,20,30,13,133,142,125,131,122,127,212,198,702,777,761,719,2908,2640,12818,6643,12829,12816,29978,6415]} 1. e4 c6 2. d4 d5 3. Nd2 dxe4 4. Nxe4 Bf5 5. Ng3 Bg6 6. c3 e6 7. Nh3 Bd6 8. Nf4 Nf6 9. h4 {B18: Classical Caro-Kann: 4...Bf5 sidelines} Bxf4 10. Bxf4 h6 11. Qb3 (11. a4 O-O 12. a5 Nd5 13. Bd2 Nd7 14. c4 N5f6 15. h5 Bh7 16. Bc3 c5 {1-0 (68) Ivanchuk,V (2726)-Artemiev,V (2691) Huaian 2017}) 11... Qb6 12. Qa3 Nbd7 {LiveBook: 3 Games} 13. Rd1 $146 ({Predecessor:} 13. Bd6 O-O-O 14. Bb4 Qc7 15. Bd6 Qb6 16. Bb4 Qc7 17. Bd6 Qb6 18. Bb4 {½-½ (18) Fedorov,A (2617)-Fridman,D (2604) playchess.com INT 2006}) 13... Nd5 14. Bd2 ({White should try} 14. Bd6 $14) 14... a5 $11 15. Be2 c5 $1 16. h5 Bh7 17. O-O O-O 18. Bc1 Rfd8 19. Bf3 c4 20. Ne4 ({Better is} 20. Bxd5 $15 exd5 21. Rfe1) 20... Qc7 (20... Bxe4 $1 $17 21. Bxe4 Qc6) 21. Qd6 Bxe4 22. Qxc7 Nxc7 23. Bxe4 Nd5 24. Bf3 b5 25. g4 b4 26. Bd2 bxc3 27. bxc3 Rab8 28. Rb1 Rxb1 (28... N7f6 {looks sharper.} 29. a4 Kf8 30. Rfe1 Ke7 31. Kg2 Rh8) 29. Rxb1 Rb8 30. Rxb8+ Nxb8 {[%mdl 4096] Endgame KBB-KNN} 31. Be2 Nb6 $1 32. Kf1 Kf8 (32... N8d7 $11) 33. Ke1 Ke7 34. Kd1 Nc6 35. Kc2 e5 (35... Na7 $11 {keeps the balance.}) 36. dxe5 $16 Nxe5 37. f4 Ned7 38. g5 f5 (38... Ke6 $16 39. Be3 Kf5) 39. Be3 Kd6 $2 {[#]} (39... Nd5 40. Kd2 Nxe3 41. Kxe3 Nc5 42. Bxc4 Ne4) 40. Bd4 $18 Nd5 41. Bxg7 Nxf4 42. gxh6 Nxe2 43. h7 f4 44. h8=Q f3 45. Bd4 {[%mdl 32768] Precision: White = 55%, Black = 33%. . An unexpected result.} (45. Qh6+ $142 Kc7 46. Qe3 Kb8 47. h6 Nf6 48. Bxf6 Kb7 49. Qxf3+ Kc7 50. Qxe2) 1/2-1/2

[Event "RUS-ch Rapid Men 2018"]
[Site "Sochi"]
[Date "2018.10.05"]
[Round "2"]
[White "Belyakov, Bogdan"]
[Black "Chizhikov, Vladislav"]
[Result "1/2-1/2"]
[WhiteElo "2458"]
[BlackElo "2304"]
[Annotator "ChessBase"]
[PlyCount "74"]
[EventDate "2018.10.05"]
[EventType "swiss"]
[EventCountry "RUS"]
[SourceTitle "playchess.com"]
[Source "ChessBase"]
[SourceQuality "1"]
[TimeControl "900+10"]

1. e4 {[%emt 0:00:00]} e6 {[%emt 0:00:00]} 2. d4 {[%emt 0:00:15]} d5 {[%emt 0:00:00]} 3. Nc3 {[%emt 0:00:04]} Bb4 {[%emt 0:00:00]} 4. a3 {[%emt 0:00:02]} Bxc3+ {[%emt 0:00:00]} 5. bxc3 {[%emt 0:00:02]} dxe4 {[%emt 0:00:05]} 6. f3 {[%emt 0:00:02]} c5 {[%emt 0:00:15]} 7. Qd2 {[%emt 0:00:54]} Nc6 {[%emt 0:00:32]} 8. Bb2 {[%emt 0:00:03]} Nf6 {[%emt 0:00:08]} 9. O-O-O {[%emt 0:00:09]} Qa5 {[%emt 0:00:18]} 10. Qg5 {[%emt 0:01:48]} cxd4 {[%emt 0:00:37]} 11. Qxg7 {[%emt 0:00:36]} dxc3 {[%emt 0:00:02]} 12. Qxf6 {[%emt 0:00:17]} cxb2+ {[%emt 0:00:03]} 13. Qxb2 {[%emt 0:00:11]} Rg8 {[%emt 0:00:30]} 14. fxe4 {[%emt 0:00:06]} Bd7 {[%emt 0:00:18]} 15. Nf3 {[%emt 0:01:17]} O-O-O {[%emt 0:00:03]} 16. g3 {[%emt 0:00:02]} Qc5 {[%emt 0:00:38]} 17. Rd3 {[%emt 0:01:27]} f5 {[%emt 0:02:37]} 18. Rc3 {[%emt 0:00:53]} Qf2 {[%emt 0:00:22]} 19. exf5 {[%emt 0:00:36]} exf5 {[%emt 0:00:03]} 20. Bb5 {[%emt 0:01:54]} Rge8 {[%emt 0:00:18]} 21. Rf1 {[%emt 0:00:13]} Qb6 {[%emt 0:00:31]} 22. Qb3 {[%emt 0:03:19]} Kb8 {[%emt 0:01:18]} 23. Bxc6 {[%emt 0:00:36]} Qxb3 {[%emt 0:00:03]} 24. cxb3 {[%emt 0:00:06]} Bxc6 {[%emt 0:00:02]} 25. Rf2 {[%emt 0:00:08]} Re4 {[%emt 0:00:44]} 26. Kb2 {[%emt 0:00:49]} f4 {[%emt 0:00:32]} 27. Ng5 {[%emt 0:00:12]} fxg3 {[%emt 0:00:09]} 28. hxg3 {[%emt 0:00:23]} Re7 {[%emt 0:00:26]} 29. Nh3 {[%emt 0:01:04]} Rg8 {[%emt 0:00:58]} 30. Nf4 {[%emt 0:00:05]} a6 {[%emt 0:00:31]} 31. a4 {[%emt 0:00:07]} Reg7 {[%emt 0:00:07]} 32. Nh5 {[%emt 0:00:19]} Rg5 {[%emt 0:00:58]} 33. Nf6 {[%emt 0:00:07]} R8g7 {[%emt 0:00:05]} 34. Rh2 {[%emt 0:01:04]} Rxg3 {[%emt 0:00:06]} 35. Rxg3 {[%emt 0:00:37]} Rxg3 {[%emt 0:00:03]} 36. Rxh7 {[%emt 0:00:02]} Rf3 {[%emt 0:04:12]} 37. Nd7+ {[%emt 0:00:03]} Bxd7 {[%emt 0:00:28]} 1/2-1/2

[Event "RUS-ch Rapid Men 2018"]
[Site "Sochi"]
[Date "2018.10.05"]
[Round "2"]
[White "Sharafiev, Azat"]
[Black "Oparin, Grigoriy"]
[Result "0-1"]
[WhiteElo "2432"]
[BlackElo "2624"]
[Annotator "RC"]
[PlyCount "112"]
[EventDate "2018.10.05"]
[EventType "swiss"]
[EventCountry "RUS"]
[SourceTitle "playchess.com"]
[Source "ChessBase"]
[SourceQuality "1"]
[TimeControl "900+10"]

1. Nf3 {[%emt 0:00:00]} Nf6 {[%emt 0:00:00]} 2. c4 {[%emt 0:00:00]} e6 {[%emt 0:00:02]} 3. g3 {[%emt 0:00:04]} d5 {[%emt 0:00:10]} 4. Bg2 {[%emt 0:00:07]} dxc4 {[%emt 0:00:03]} 5. Qa4+ {[%emt 0:00:04]} Bd7 {[%emt 0:00:03]} 6. Qxc4 {[%emt 0:00:03]} c5 {[%emt 0:00:02]} 7. Ne5 {[%emt 0:00:24]} Qc8 {[%emt 0:00:02]} 8. d3 {[%emt 0:00:15]} Nc6 {[%emt 0:00:06]} 9. Nxd7 {[%emt 0:00:24]} Qxd7 {[%emt 0:00:02]} 10. Be3 {[%emt 0:00:46]} Rc8 {[%emt 0:00:08]} 11. O-O {[%emt 0:00:27]} Be7 {[%emt 0:00:03]} 12. Qa4 {[%emt 0:02:16]} Nd5 {[%emt 0:01:52]} 13. Bd2 {[%emt 0:00:13]} O-O {[%emt 0:00:15]} 14. Nc3 {[%emt 0:00:13]} Nb6 {[%emt 0:01:01]} 15. Qd1 {[%emt 0:00:13]} Rfd8 {[%emt 0:00:07]} 16. Be3 {[%emt 0:00:18]} Nd4 {[%emt 0:01:28]} 17. Rc1 {[%emt 0:00:41]} Nf5 {[%emt 0:00:21]} 18. Bf4 {[%emt 0:00:13]} h6 {[%emt 0:00:06]} 19. Ne4 {[%emt 0:01:02]} Nd5 {[%emt 0:02:00]} 20. Bd2 {[%emt 0:00:39]} b5 {[%emt 0:00:39]} 21. Re1 {[%emt 0:01:23]} Nb6 {[%emt 0:00:21]} 22. b3 {[%emt 0:01:40]} Nd4 {[%emt 0:00:42]} 23. Bc3 {[%emt 0:00:23]} f5 {[%emt 0:00:13]} 24. Nd2 {[%emt 0:00:03]} Bf6 {[%emt 0:00:38]} 25. e3 {[%emt 0:00:44]} b4 {[%emt 0:00:03]} 26. Ba1 {[%emt 0:01:31]} Nb5 {[%emt 0:00:01]} 27. Bxf6 {[%emt 0:00:20]} gxf6 {[%emt 0:00:02]} 28. Qh5 {[%emt 0:01:50]} Qg7 {[%emt 0:00:16]} 29. Bf1 {[%emt 0:00:11]} Nc3 {[%emt 0:00:43]} 30. a4 {[%emt 0:00:12]} Rc7 {[%emt 0:01:03]} 31. d4 {[%emt 0:01:20]} cxd4 {[%emt 0:03:29]} 32. exd4 {[%emt 0:00:05]} Qg5 {[%emt 0:00:02]} 33. Qxg5+ {[%emt 0:00:23]} hxg5 {[%emt 0:00:03]} 34. a5 {[%emt 0:00:31]} Nbd5 {[%emt 0:00:03]} 35. Bc4 {[%emt 0:00:39]} Kf7 {[%emt 0:00:02]} 36. Nb1 {[%emt 0:00:38]} Rc6 {[%emt 0:01:09]} 37. Bxd5 {[%emt 0:00:35]} Ne2+ {[%emt 0:00:02]} 38. Kg2 {[%emt 0:00:14]} Rxc1 {[%emt 0:00:03]} 39. Bxe6+ {[%emt 0:00:02]} Kxe6 {[%emt 0:00:01]} 40. Rxe2+ {[%emt 0:00:02]} Kf7 {[%emt 0:00:07]} 41. Rb2 {[%emt 0:00:12]} Rxd4 {[%emt 0:00:21]} 42. Nd2 {[%emt 0:00:03]} Rd3 {[%emt 0:00:27]} 43. Nc4 {[%emt 0:00:27]} Kg6 {[%emt 0:00:14]} 44. h3 {[%emt 0:00:08]} Rdd1 {[%emt 0:00:32]} 45. Kf3 {[%emt 0:00:11]} Rb1 {[%emt 0:00:03]} 46. Rc2 {[%emt 0:00:19]} Rxb3+ {[%emt 0:00:03]} 47. Ke2 {[%emt 0:00:04]} Rd7 {[%emt 0:00:08]} 48. Nd2 {[%emt 0:00:12]} Rc3 {[%emt 0:00:07]} 49. Rb2 {[%emt 0:00:07]} Rb7 {[%emt 0:00:03]} 50. Nb3 {[%emt 0:00:15]} Re7+ {[%emt 0:00:05]} 51. Kd2 {[%emt 0:00:05]} Rd7+ {[%emt 0:00:03]} 52. Ke2 {[%emt 0:00:01]} f4 {[%emt 0:00:05]} 53. gxf4 {[%emt 0:00:10]} gxf4 {[%emt 0:00:02]} 54. Nd2 {[%emt 0:00:03]} f3+ {[%emt 0:00:02]} 55. Kd1 {[%emt 0:00:12]} Rd4 {[%emt 0:00:01]} 56. a6 {[%emt 0:00:25]} b3 {[%emt 0:00:07]} 0-1

[Event "RUS-ch Rapid Men 2018"]
[Site "Sochi"]
[Date "2018.10.05"]
[Round "2"]
[White "Tsoi, Dmitry"]
[Black "Paravyan, David"]
[Result "0-1"]
[WhiteElo "2429"]
[BlackElo "2629"]
[Annotator "ChessBase"]
[PlyCount "114"]
[EventDate "2018.10.05"]
[EventType "swiss"]
[EventCountry "RUS"]
[SourceTitle "playchess.com"]
[Source "ChessBase"]
[SourceQuality "1"]
[TimeControl "900+10"]

1. c4 {[%emt 0:00:00]} c6 {[%emt 0:00:00]} 2. Nf3 {[%emt 0:00:00]} d5 {[%emt 0:00:00]} 3. e3 {[%emt 0:00:01]} Nf6 {[%emt 0:00:00]} 4. b3 {[%emt 0:00:02]} Bg4 {[%emt 0:00:00]} 5. Bb2 {[%emt 0:00:03]} Nbd7 {[%emt 0:00:02]} 6. Be2 {[%emt 0:00:11]} e6 {[%emt 0:00:01]} 7. h3 {[%emt 0:00:12]} Bh5 {[%emt 0:00:02]} 8. Nc3 {[%emt 0:00:05]} Bd6 {[%emt 0:00:02]} 9. O-O {[%emt 0:00:18]} O-O {[%emt 0:00:01]} 10. d4 {[%emt 0:00:07]} Qe7 {[%emt 0:00:04]} 11. Nd2 {[%emt 0:02:11]} Bg6 {[%emt 0:00:12]} 12. c5 {[%emt 0:00:46]} Bc7 {[%emt 0:00:02]} 13. f4 {[%emt 0:00:03]} b6 {[%emt 0:00:28]} 14. b4 {[%emt 0:00:02]} a5 {[%emt 0:00:01]} 15. b5 {[%emt 0:01:36]} bxc5 {[%emt 0:00:07]} 16. bxc6 {[%emt 0:00:02]} Nb8 {[%emt 0:01:35]} 17. Qa4 {[%emt 0:00:46]} c4 {[%emt 0:02:07]} 18. e4 {[%emt 0:03:59]} Bb6 {[%emt 0:00:15]} 19. e5 {[%emt 0:02:46]} Nh5 {[%emt 0:00:02]} 20. Kh2 {[%emt 0:00:44]} Qb4 {[%emt 0:02:35]} 21. Qxb4 {[%emt 0:03:07]} axb4 {[%emt 0:00:02]} 22. Nxd5 {[%emt 0:00:05]} exd5 {[%emt 0:00:06]} 23. Bxc4 {[%emt 0:00:01]} dxc4 {[%emt 0:01:07]} 24. Nxc4 {[%emt 0:00:01]} Bc7 {[%emt 0:00:19]} 25. f5 {[%emt 0:00:26]} Nxc6 {[%emt 0:00:02]} 26. d5 {[%emt 0:00:28]} Ne7 {[%emt 0:01:09]} 27. d6 {[%emt 0:00:31]} Nxf5 {[%emt 0:05:02]} 28. dxc7 Ne7 {[%emt 0:00:26]} 29. Rad1 {[%emt 0:00:59]} Bf5 {[%emt 0:00:38]} 30. g4 {[%emt 0:00:11]} Be6 {[%emt 0:00:01]} 31. Nd6 {[%emt 0:00:08]} Rxa2 {[%emt 0:00:17]} 32. Rd2 {[%emt 0:00:00]} Ra7 {[%emt 0:01:27]} 33. gxh5 {[%emt 0:00:18]} Rxc7 {[%emt 0:00:02]} 34. h6 {[%emt 0:00:02]} gxh6 {[%emt 0:00:11]} 35. h4 {[%emt 0:00:25]} h5 {[%emt 0:00:09]} 36. Ne4 {[%emt 0:00:08]} Rc4 {[%emt 0:00:08]} 37. Rd4 {[%emt 0:00:12]} Rc2+ {[%emt 0:00:04]} 38. Rd2 {[%emt 0:00:01]} Rxd2+ {[%emt 0:00:14]} 39. Nxd2 {[%emt 0:00:00]} Rc8 {[%emt 0:00:15]} 40. Ne4 {[%emt 0:00:26]} Rc2+ {[%emt 0:00:34]} 41. Rf2 {[%emt 0:00:01]} Rxf2+ {[%emt 0:00:06]} 42. Nxf2 {[%emt 0:00:00]} Nf5 {[%emt 0:00:01]} 43. Ne4 {[%emt 0:00:29]} Kg7 {[%emt 0:00:09]} 44. Kg2 {[%emt 0:00:14]} Nxh4+ {[%emt 0:00:10]} 45. Kg3 {[%emt 0:00:01]} Nf5+ {[%emt 0:00:19]} 46. Kf4 {[%emt 0:00:01]} Kg6 {[%emt 0:00:05]} 47. Nf2 {[%emt 0:00:14]} Ne7 {[%emt 0:00:10]} 48. Bc1 {[%emt 0:00:18]} h4 {[%emt 0:00:06]} 49. Nd3 {[%emt 0:00:15]} Nd5+ {[%emt 0:00:08]} 50. Kf3 {[%emt 0:00:01]} Kf5 {[%emt 0:00:15]} 51. Bb2 {[%emt 0:00:00]} h3 {[%emt 0:00:10]} 52. Nf2 {[%emt 0:00:08]} Nf4 {[%emt 0:00:25]} 53. Kg3 {[%emt 0:00:04]} b3 {[%emt 0:00:19]} 54. Ba1 {[%emt 0:00:10]} h5 {[%emt 0:00:04]} 55. Bb2 {[%emt 0:00:01]} h4+ {[%emt 0:00:09]} 56. Kxh4 {[%emt 0:00:07]} h2 {[%emt 0:00:10]} 57. Kg3 {[%emt 0:00:01]} Nd3 {[%emt 0:00:01]} 0-1

[Event "RUS-ch Rapid Men 2018"]
[Site "Sochi"]
[Date "2018.10.05"]
[Round "2"]
[White "Gochelashvili, David"]
[Black "Sjugirov, Sanan"]
[Result "0-1"]
[WhiteElo "2419"]
[BlackElo "2654"]
[Annotator "TA"]
[PlyCount "58"]
[EventDate "2018.10.05"]
[EventType "swiss"]
[EventCountry "RUS"]
[SourceTitle "playchess.com"]
[Source "ChessBase"]
[SourceQuality "1"]

{[%evp 19,58,-4,0,-6,5,0,0,0,-4,-23,-16,-44,-6,-6,-17,-81,-81,-132,-110,-193,-140,-252,-255,-235,-232,-370,-306,-302,-293,-283,-303,-755,-743,-898,-885,-948,-937,-1025,-908,-1225,-1064]} 1. e4 {[%cal Be2e4,Be4e5][%mdl 32]} c5 2. c3 Nf6 3. e5 Nd5 4. d4 cxd4 5. cxd4 d6 6. Nf3 dxe5 {B22: Sicilian: 2 c3} (6... Nc6 7. Bc4 Nb6 8. Bb5 dxe5 9. Nxe5 Bd7 10. Nxd7 Qxd7 11. Nc3 e6 12. O-O Rd8 13. Be3 Be7 14. Qb3 O-O 15. Rad1 Qd6 16. a3 Na5 17. Qa2 Nd5 18. Be2 Nc6 19. Nxd5 exd5 20. g3 {½-½ (57) Boruchovsky,A (2558)-Yilmaz,M (2624) Rio Achaea 2018}) 7. Nxe5 Nc6 8. Bc4 e6 9. Nxc6 bxc6 10. O-O Be7 {LiveBook: 19 Games} 11. Qf3 O-O 12. Rd1 a5 $146 ({Predecessor:} 12... Qb6 13. Nc3 Bb7 14. Na4 Qa5 15. Bb3 c5 16. Bd2 Qb5 17. dxc5 Bxc5 18. Nxc5 Qxc5 19. Qg3 Qd4 20. Bxd5 {1-0 (20) Bernard,R (2360)-Schurade,M (2350) Rostock 1978}) 13. Nc3 a4 14. Bd2 Qb6 15. Qe4 {[%cal Rc4d5]} Bb7 16. Bd3 {[%csl Gd3][%cal Re4h7]} g6 17. Ne2 (17. Qe5 $11 Rfd8 18. Ne4 (18. Bh6 Nf6 $11)) 17... Rfd8 $17 18. Rab1 {[#]} ({Better is} 18. Bh6) 18... c5 $1 19. Bh6 (19. dxc5 $17 Qxc5 20. Qe5) 19... cxd4 ({Black should play} 19... Nb4 $19 20. Qf4 (20. Qe5 $2 f6 $19) 20... cxd4) 20. Qe5 (20. Qxd4 $17 Qxd4 21. Nxd4) 20... Bf6 $19 21. Qg3 Nb4 22. Bc4 (22. Nc1 {keeps fighting.}) 22... Rac8 23. b3 {and the idea a3 leaves White hopeful.} Be4 {[%cal Bb7e4,Be4f5,Bf5c2][%mdl 32]} 24. Qf4 Bf5 25. Rbc1 $2 {[#]} (25. Ng3 e5 26. Qf3 Bxb1 27. Rxb1) 25... Nxa2 {Black is clearly winning.} 26. g4 Nxc1 27. Nxc1 e5 28. Qf3 Bc2 29. Rd2 axb3 {Precision: White = 10%, Black = 71%.} 0-1

[Event "RUS-ch Rapid Men 2018"]
[Site "Sochi"]
[Date "2018.10.05"]
[Round "2"]
[White "Savitskiy, Sergey"]
[Black "Ponkratov, Pavel"]
[Result "0-1"]
[WhiteElo "2413"]
[BlackElo "2628"]
[Annotator "TA"]
[PlyCount "60"]
[EventDate "2018.10.05"]
[EventType "swiss"]
[EventCountry "RUS"]
[SourceTitle "playchess.com"]
[Source "ChessBase"]
[SourceQuality "1"]

{[%evp 22,60,-7,0,0,0,0,0,-2,-53,-43,-52,-56,-74,-73,-75,-73,-83,-91,-85,-79,-77,-68,-72,-71,-118,-108,-275,-102,-359,-112,-118,-120,-127,-111,-485,-475,-29997,-29998,-29998,-29999]} 1. e4 e6 2. d4 d5 3. Nc3 Nf6 4. Bg5 dxe4 5. Nxe4 Be7 6. Nxf6+ Bxf6 7. Bxf6 Qxf6 8. Nf3 O-O 9. Bd3 c5 10. Qe2 cxd4 {C13: French: Classical System: 4 Bg5 Be7, Alekhine-Chatard Attack} 11. Qe4 g6 12. Qxd4 {LiveBook: 3 Games} e5 {The position is equal.} 13. Qc3 (13. Qxe5 $2 Qxe5+ 14. Nxe5 Re8 $19) (13. Nxe5 Re8 $17) 13... Bg4 $146 ({Predecessor:} 13... Qc6 14. Qxc6 Nxc6 15. O-O-O f6 16. Bc4+ Kg7 17. Rd6 Bg4 18. Nd2 {0-1 (61) Paust,W (2123)-Gaprindashvili,V (2482) Oldenburg 2001}) 14. Be4 Nd7 15. Nd2 ({Better is} 15. O-O $11) 15... Rac8 $15 16. Qg3 Be6 17. c3 Nc5 18. Bc2 Rfd8 {White must now prevent ...Bf5.} 19. Qe3 Bf5 20. Bxf5 Qxf5 21. O-O Rd3 22. Qe2 Ne6 23. g3 Ng5 24. Nb3 $2 (24. f3 $17) 24... Rc4 $2 {[#]} (24... Nf3+ 25. Kg2 $17) (24... Rcd8 $19 {And now ...Nf3+ would win.} 25. Rfb1 Nf3+ 26. Kg2 Qg4) 25. Rfd1 $2 {[%mdl 8192]} (25. f3 $1 $17 {[%mdl 512] is the only way for White.} b5 (25... Rxf3 26. Qxc4) 26. Kh1) 25... Nf3+ $2 (25... Nh3+ $19 {is more deadly.} 26. Kg2 Rg4 27. Rxd3 Nf4+ 28. Kf1 Nxe2 29. Kxe2 Qh5) 26. Kg2 $17 {[#]} Rxd1 $1 ({Not} 26... Nh4+ 27. gxh4 Qh3+ 28. Kh1 $14) 27. Rxd1 {[#]} Rh4 $3 $40 {[%cal Rh4h2][%mdl 640] Black goes for the king.} 28. Rd8+ $2 {[%mdl 8192]} ({Avoid the trap} 28. gxh4 $2 Qg4+ 29. Kh1 Qh3 $19) (28. Rh1 $17 Ng5 29. Nd2 (29. gxh4 $2 {perishes.} Qh3+ 30. Kg1 Nf3+ 31. Qxf3 Qxf3 $19) 29... Qh3+ 30. Kg1) 28... Kg7 $19 29. Qd3 (29. Qxf3 $19 Rxh2+ 30. Kxh2 Qxf3 31. Rd2) 29... Rxh2+ 30. Kf1 Rh1+ {Precision: White = 26%, Black = 63%.} 0-1